Culture, health, and illness /

Bibliographic Details
Main Author: Helman, Cecil, 1944-2009
Format: Book
Language:English
Published: Oxford ; Boston : Butterworth-Heinemann, 2000.
Edition:4th ed.
Subjects:

MARC

Tag First Indicator Second Indicator Subfields
LEADER 00000cam a22000008a 4500
001 in00001600521
005 20151022170910.0
008 991214s2000 enka b 001 0 eng c
010 |a  99089542  
015 |a GB99-U5439 
020 |a 0750647868 
035 |a (OCoLC)ocm43031745 
040 |a NLM  |c NLM  |d UKM  |d ERE  |d TXA  |d UtOrBLW 
042 |a pcc 
049 |a TXAM 
060 1 0 |a WA 31  |b H478c 2000 
069 0 |a 100909570 
082 0 4 |a 362.1042  |2 21 
090 |a GN296  |b .H45 2000 
100 1 |a Helman, Cecil,  |d 1944-2009. 
245 1 0 |a Culture, health, and illness /  |c Cecil Helman. 
250 |a 4th ed. 
263 |a 0004 
264 1 |a Oxford ;  |a Boston :  |b Butterworth-Heinemann,  |c 2000. 
300 |a 328 pages :  |b illustrations ;  |c 25 cm. 
336 |a text  |b txt  |2 rdacontent 
337 |a unmediated  |b n  |2 rdamedia 
338 |a volume  |b nc  |2 rdacarrier 
504 |a Includes bibliographical references and index. 
650 0 |a Social medicine. 
650 0 |a Medical anthropology. 
650 1 2 |a Social Medicine. 
650 2 2 |a Anthropology. 
650 2 2 |a Sociology, Medical. 
650 4 |a Social medicine. 
650 4 |a Medical anthropology. 
948 |a cataloged  |b h  |c 2001/2/23  |d c  |e ceaton  |f 9:51:18 am 
994 |a E0  |b TXA 
999 |a MARS 
999 f f |s 3e426c63-6464-3a71-a41e-464136577700  |i 6a54903f-ae7b-3e00-8ea7-1f02d6c3829f  |t 0 
952 f f |p ric  |a Texas A&M University  |b Rellis Campus  |c Joint Library Facility  |d Remote Storage  |t 0  |e GN296 .H45 2000  |h Library of Congress classification  |i unmediated -- volume  |m A14827181939 
998 f f |a GN296 .H45 2000  |t 0  |l Remote Storage